000 00224nam a22000857a 4500
008 170216b xxu||||| |||| 00| 0 eng d
100 _92891
_aWason.V
245 _aDouble Entry Book Keeping XII
260 _aNew Delhi
_bS.Chand
_c2011
999 _c6120
_d6120